Hosts of a FIBA World Cup - Statistics

General Stats
  • This quiz has been taken 30 times
  • The average score is 17 of 22
Answer Stats
Year Host % Correct
2006 Japan
100%
2023 Japan
100%
1986 Spain
100%
2014 Spain
100%
2002 United States
96%
2019 China
93%
1954 Brazil
89%
1963 Brazil
89%
1994 Canada
89%
1950 Argentina
85%
1990 Argentina
85%
2023 Indonesia
81%
1978 Philippines
78%
2023 Philippines
78%
2010 Turkey
78%
1998 Greece
70%
2027 Qatar
63%
1970 Yugoslavia
63%
1959 Chile
59%
1982 Colombia
59%
1967 Uruguay
48%
1974 Puerto Rico
26%
No matching quizzes found
Score Distribution
Percent of People with Each Score
Percentile by Number Answered
Your Score History
You have not taken this quiz